| 000 | 00000nam##2200000za#4500 |
| 001 | 9.699002 |
| 003 | CaOODSP |
| 005 | 20241203113638 |
| 007 | cr ||||||||||| |
| 008 | 150407|2004||||xxc|||||o f|0| 0 eng|d |
| 040 | |aCaOODSP|beng |
| 043 | |an-cn--- |
| 086 | 1 |aCW66-394/2004E-PDF |
| 110 | 1 |aCanada. |bEnvironment Canada. |
| 245 | 13|aAn invasive alien species strategy for Canada |h[electronic resource] |
| 260 | |aOttawa - Ontario : |bEnvironment Canada |cSeptember 2004. |
| 300 | |a46p.|bfig., glossary, graph, tables, photographs |
| 590 | |a14-08-Supp|b2014-04-10 |
| 690 | 07|aEnvironmental conservation|2gcpds |
| 690 | 07|aPests|2gcpds |
| 775 | 08|tStratégie nationale sur les espèces exotiques envahissantes |w(CaOODSP)9.642987 |
| 856 | 40|ahttp://publications.gc.ca|qPDF|s570 KB|uhttps://publications.gc.ca/collections/collection_2014/ec/CW66-394-2004-eng.pdf |